000 00584nam a2200205Ia 4500
008 191130s2006##################000#0#eng##
020 _a9781416035107
040 _aACL
_cACL
082 _a616.905 KAH.20
100 _aKhardori, Nancy
245 _aBioterrorism, an issue of infectious disease clinics
_cNancy Khardori
250 _a1st edition
260 _aNorth America
_bSaunders
_c2006
300 _a9.05 x 6.32 x 0.75
500 _aincludes index
650 _aInfection Control
990 _a37f5ce8bac10000c363def332b44ac56
991 _a153799
999 _c236913
_d236913